000 00967nas a2200349 4500
001 BR2013010226
003 BR-BrBNA
005 20231205123422.0
007 ta
008 230509b bl.|||p| |||| 00| 00por d
040 _aBR-BrBNA
_bpor
_cBiblioteca Nacional de Agricultura
041 _a(En)
072 _aL73
100 1 _aSaut, J.P.E.
100 1 _aOliveira, P.M. de
100 1 _aNasciutti, N.R.
100 1 _aMedeiros, A.A.
100 1 _aMagalhães, G.M
100 1 _aTsuruta, S.A.
100 1 _aHanna, P.
100 1 _aHeadley, S.A.
245 1 _aVaginal leimyosarcoma in a cow from Uberlândia, Minas Gerais, Brasil
650 _aVACA LEITEIRA
650 _aRAÇA
650 _aVAGINA
650 _aTUMOR
650 _aNEOPLASIA
650 _aHISTOPATOLOGIA
773 0 _tCiência Rural (Brazil)
_xISSN 0103-8478
_g(May 2013), v. 43(5) p. 897-901
_wBR2013010226
909 _a202311
_bLúcia
_c55
_dLúcia Elande
942 _2AGRIS
_n0
_cANA
999 _c233775
_d233775